000 00684nam a2200217Ia 4500
003 GCL
008 140319s9999 xx 000 0 ara d
020 _a9738345977
040 _aGCL /
_cGCL
082 0 4 _a665.1
_bا ص
100 1 _aاوين، تشيريل
245 1 0 _aصناعة الشمع /
_cاوين، تشيريل
250 _aالاولى
260 _aالقاهرة :
_bدار الفاروق للنشر والتوزيع ،
_c2004
300 _a96 ص ؛
_c30 سم
490 _aالمشروعات الصغيرة
_v0
650 0 4 _aالمشروعات الصغيرة
650 0 4 _aالشمع - صناعة
650 0 4 _aالنماذج الشمعية
942 _2ddc
_cBK
999 _c7245
_d7245